Environmental engineering (Record no. 5357)

000 -LEADER
fixed length control field 00678nam a2200241 4500
001 - CONTROL NUMBER
control field 5357
003 - CONTROL NUMBER IDENTIFIER
control field BD-DhUET
008 - FIXED-LENGTH DATA ELEMENTS--GENERAL INFORMATION
fixed length control field 141126b xxu||||| |||| 00| 0 eng d
020 ## - INTERNATIONAL STANDARD BOOK NUMBER
International Standard Book Number 0071002316
040 ## - CATALOGING SOURCE
Transcribing agency 0
Modifying agency BD-DhUET
082 ## - DEWEY DECIMAL CLASSIFICATION NUMBER
Classification number 628
Item number PEA/1985
100 ## - MAIN ENTRY--PERSONAL NAME
Personal name Peavy, Howard S
245 ## - TITLE STATEMENT
Title Environmental engineering
250 ## - EDITION STATEMENT
Edition statement 1st ed.
260 ## - PUBLICATION, DISTRIBUTION, ETC. (IMPRINT)
Place of publication, distribution, etc. New york
Name of publisher, distributor, etc. McGraw-Hill
Date of publication, distribution, etc. 1985
300 ## - PHYSICAL DESCRIPTION
Extent xiv,699 p.+various paging
Other physical details ill.
490 ## - SERIES STATEMENT
Series statement McGraw-Hill series in water resources and environmental engineering
504 ## - BIBLIOGRAPHY, ETC. NOTE
Bibliography, etc Includes bibliographies
650 #0 - SUBJECT ADDED ENTRY--TOPICAL TERM
Topical term or geographic name as entry element Environmental engineering
700 ## - ADDED ENTRY--PERSONAL NAME
Personal name Rowe, Donald R.
700 ## - ADDED ENTRY--PERSONAL NAME
Personal name Tchobanoglous, George
942 ## - ADDED ENTRY ELEMENTS (KOHA)
Koha item type General Book
Holdings
Koha date last borrowed Location (home branch) Sublocation or collection (holding branch) Koha issues (times borrowed) Copy number Koha date last seen Damaged status Withdrawn status Shelving location Source of classification or shelving scheme Koha item type Piece designation (barcode) Not for loan Koha renewals Koha normalized classification for sorting Date acquired Koha full call number Lost status Price effective from
2023-12-10Central Library, BUETCentral Library, BUET912024-09-08  Circulation section General Book81896  628PEA19852014-11-26628/PEA/1985 2014-11-26
2024-03-16Central Library, BUETCentral Library, BUET1022024-06-02  Circulation section General Book81895  628PEA19852014-11-26628/PEA/1985 2014-11-26
 Central Library, BUETCentral Library, BUET 32015-06-18  Reading section Reading Item88788  628_000000000000000_PEA_19852015-06-18628/PEA/1985 2015-06-18
 Central Library, BUETCentral Library, BUET 42015-06-18  Reading section Reading Item87579  628_000000000000000_PEA_19852015-06-18628/PEA/1985 2015-06-18
2020-03-16Central Library, BUETCentral Library, BUET252021-11-13  Circulation section General Book81894  628_000000000000000_PEA_19851991-10-28628/PEA/1985 2017-10-31
 Central Library, BUETCentral Library, BUET ক-৫১2024-12-01  Rental section Rental Item81847  628_000000000000000_PEA_19851991-10-28628 PEA/1985 2024-12-01
 Central Library, BUETCentral Library, BUET ক-৭৮2024-12-01  Rental section Rental Item81874  628_000000000000000_PEA_19851991-10-28628 PEA/1985 2024-12-01
 Central Library, BUETCentral Library, BUET ক-৭৯2024-12-01  Rental section Rental Item81875  628_000000000000000_PEA_19851991-10-28628 PEA/1985 2024-12-01
 Central Library, BUETCentral Library, BUET ক-৮০2024-12-01  Rental section Rental Item81876  628_000000000000000_PEA_19851991-10-28628 PEA/1985 2024-12-01
 Central Library, BUETCentral Library, BUET ক-৮১2024-12-01  Rental section Rental Item81877  628_000000000000000_PEA_19851991-10-28628 PEA/1985 2024-12-01
 Central Library, BUETCentral Library, BUET ক-৮২2024-12-01  Rental section Rental Item81878  628_000000000000000_PEA_19851991-10-28628 PEA/1985 2024-12-01
 Central Library, BUETCentral Library, BUET ক-৮৩2024-12-01  Rental section Rental Item81879  628_000000000000000_PEA_19851991-10-28628 PEA/1985 2024-12-01
 Central Library, BUETCentral Library, BUET ক-৮৪2024-12-01  Rental section Rental Item81880  628_000000000000000_PEA_19851991-10-28628 PEA/1985 2024-12-01
 Central Library, BUETCentral Library, BUET ক-৮৫2024-12-01  Rental section Rental Item81881  628_000000000000000_PEA_19851991-10-28628 PEA/1985 2024-12-01
 Central Library, BUETCentral Library, BUET ক-৮৬2024-12-01  Rental section Rental Item81882  628_000000000000000_PEA_19851991-10-28628 PEA/1985 2024-12-01
 Central Library, BUETCentral Library, BUET ক-৮৭2024-12-01  Rental section Rental Item81883  628_000000000000000_PEA_19851991-10-28628 PEA/1985 2024-12-01
 Central Library, BUETCentral Library, BUET ক-৮৭2024-12-01  Rental section Rental Item81884  628_000000000000000_PEA_19851991-10-28628 PEA/1985 2024-12-01